<?xml version="1.0" encoding="UTF-8"?>
<record
    xmlns:xsi="http://www.w3.org/2001/XMLSchema-instance"
    xsi:schemaLocation="http://www.loc.gov/MARC21/slim http://www.loc.gov/standards/marcxml/schema/MARC21slim.xsd"
    xmlns="http://www.loc.gov/MARC21/slim">

  <leader>00971nam a2200241 a 4500</leader>
  <controlfield tag="001">78899</controlfield>
  <controlfield tag="003">BD-RjUL</controlfield>
  <controlfield tag="005">20211209083204.0</controlfield>
  <controlfield tag="008">211125s19981418mr ||||| |||| 00| 0 ara d</controlfield>
  <datafield tag="035" ind1=" " ind2=" ">
    <subfield code="a">(BD-RjUL)</subfield>
  </datafield>
  <datafield tag="040" ind1=" " ind2=" ">
    <subfield code="a">BD-RjUL</subfield>
    <subfield code="b">eng</subfield>
    <subfield code="c">BD-RjUL</subfield>
  </datafield>
  <datafield tag="041" ind1=" " ind2=" ">
    <subfield code="a">ara</subfield>
  </datafield>
  <datafield tag="082" ind1=" " ind2=" ">
    <subfield code="2">23</subfield>
    <subfield code="a">297.09586</subfield>
    <subfield code="b">ASH 1997</subfield>
  </datafield>
  <datafield tag="100" ind1=" " ind2=" ">
    <subfield code="a">  &#x64A;&#x641;,  &#x623;&#x631;&#x643;&#x64A;&#x646; &#x631;&#x62D;&#x645;&#x629; &#x627;&#x644;&#x644;&#x647;&#x60C; ;; yaf 'arkin rahmat allahi,</subfield>
    <subfield code="9">250632</subfield>
  </datafield>
  <datafield tag="245" ind1="1" ind2="4">
    <subfield code="a">&#x627;&#x644;&#x62D;&#x636;&#x627;&#x631;&#x629; &#x627;&#x644;&#x625;&#x633;&#x644;&#x627;&#x645;&#x64A;&#x629; &#x641;&#x64A; &#x62A;&#x627;&#x62C;&#x64A;&#x643;&#x633;&#x62A;&#x627;&#x646; ;; alhadarat al'iislamiat fi tajikistan /</subfield>
    <subfield code="c"> &#x623;&#x631;&#x643;&#x64A;&#x646; &#x631;&#x62D;&#x645;&#x629; &#x627;&#x644;&#x644;&#x647; &#x64A;&#x641;&#x60C; &#x639;&#x628;&#x62F; &#x627;&#x644;&#x644;&#x647; &#x64A;&#x648;&#x644;&#x62F;&#x627; &#x634;&#x64A;&#x641; &#x64A;&#x648;&#x644;&#x62F;&#x627; &#x634;&#x64A;&#x641; ;; 'arkin rahmat allah yifi, abd allah yulida shif yulda shif</subfield>
  </datafield>
  <datafield tag="260" ind1=" " ind2=" ">
    <subfield code="a">&#x627;&#x644;&#x625;&#x64A;&#x633;&#x64A;&#x633;&#x643;&#x648;&#x60C;</subfield>
    <subfield code="c">1998</subfield>
  </datafield>
  <datafield tag="300" ind1=" " ind2=" ">
    <subfield code="a">182 p. ;</subfield>
    <subfield code="c">26 cm</subfield>
  </datafield>
  <datafield tag="650" ind1=" " ind2=" ">
    <subfield code="a">Islamic civilization</subfield>
    <subfield code="9">250633</subfield>
  </datafield>
  <datafield tag="650" ind1=" " ind2=" ">
    <subfield code="a">Tajikistan </subfield>
    <subfield code="9">250634</subfield>
  </datafield>
  <datafield tag="650" ind1=" " ind2=" ">
    <subfield code="a">Civilization</subfield>
    <subfield code="v">Islam</subfield>
    <subfield code="9">250635</subfield>
  </datafield>
  <datafield tag="700" ind1=" " ind2=" ">
    <subfield code="a">shyf abd allah yulida   ;; &#x634;&#x64A;&#x641;,  &#x639;&#x628;&#x62F; &#x627;&#x644;&#x644;&#x647; &#x64A;&#x648;&#x644;&#x62F;&#x627;</subfield>
    <subfield code="9">250636</subfield>
  </datafield>
  <datafield tag="942" ind1=" " ind2=" ">
    <subfield code="2">ddc</subfield>
    <subfield code="c">BK</subfield>
  </datafield>
  <datafield tag="999" ind1=" " ind2=" ">
    <subfield code="c">78899</subfield>
    <subfield code="d">78899</subfield>
  </datafield>
  <datafield tag="952" ind1=" " ind2=" ">
    <subfield code="0">0</subfield>
    <subfield code="1">0</subfield>
    <subfield code="2">ddc</subfield>
    <subfield code="4">0</subfield>
    <subfield code="7">1</subfield>
    <subfield code="8">NFIC</subfield>
    <subfield code="a">RUCL</subfield>
    <subfield code="b">RUCL</subfield>
    <subfield code="c">Reading</subfield>
    <subfield code="d">2021-11-25</subfield>
    <subfield code="o">A 297.09586 ASH 1997</subfield>
    <subfield code="r">2021-11-25 00:00:00</subfield>
    <subfield code="t">C-1</subfield>
    <subfield code="y">BK</subfield>
  </datafield>
  <datafield tag="952" ind1=" " ind2=" ">
    <subfield code="0">0</subfield>
    <subfield code="1">0</subfield>
    <subfield code="2">ddc</subfield>
    <subfield code="4">0</subfield>
    <subfield code="7">0</subfield>
    <subfield code="8">NFIC</subfield>
    <subfield code="a">RUCL</subfield>
    <subfield code="b">RUCL</subfield>
    <subfield code="c">GEN</subfield>
    <subfield code="d">1998-06-02</subfield>
    <subfield code="e">Isesco</subfield>
    <subfield code="l">0</subfield>
    <subfield code="o">A  297.09586 ASH 1997</subfield>
    <subfield code="r">2022-04-03 00:00:00</subfield>
    <subfield code="t">C-1</subfield>
    <subfield code="w">2022-04-03</subfield>
    <subfield code="y">BK</subfield>
  </datafield>
</record>
